00502nam a22001577a 450000500170000001000150001702000260003203500140005803700130007208200080008524500680009326000510016127000890021230000230030170000200032420180423154234.0 aENG-122780 a9789382711407c245.00 aEN-106312 bDBAD/PUB00a92110aBasurai from the streets of kathmandu /ced. by Papri Sri Raman aNew Delhi bVitasta Publishing Pvt. Ltd.c2014 a2/15, Ansari Road, DaryaganjbNew Delhi e110002k011-23275069mkunalbooks@gmail.com a300p.c22 cm.(pbk) aPapri Sri Raman